Análisis matemático con aplicaciones a las ciencias económicas /

Contenido: Números reales; Funciones; Límite y continuidad; Derivada y diferencial; Optimización de funciones; Teoremas sobre funciones diferenciables; Sucesiones y series numéricas; Aproximación de funciones; La integral definida; Integral definida y generalizada.

সংরক্ষণ করুন:
গ্রন্থ-পঞ্জীর বিবরন
প্রধান লেখক: Casparri, María Teresa (coord.)
বিন্যাস: গ্রন্থ
ভাষা:স্প্যানিশ
প্রকাশিত: Buenos Aires, Argentina : Macchi, 2001, c2001
মালা:(Matemática)
(Ciencias Económicas)
বিষয়গুলি:
ট্যাগগুলো: ট্যাগ যুক্ত করুন
কোনো ট্যাগ নেই, প্রথমজন হিসাবে ট্যাগ করুন!

MARC

LEADER 00000nam^a2200000^a^4500
001 000142931
005 20250521000000.0
009 20260310095707.238
020 |a 950-537-535-2 
037 |a Acervo ITESO - Biblioteca 
041 |a ESP 
082 |a 515.  |b ANA V. 1 
100 |a Casparri, María Teresa  |e (coord.) 
240 1 1 |a [Análisis matemático con aplicaciones a las ciencias económicas] 
245 1 0 |a Análisis matemático con aplicaciones a las ciencias económicas /  |c Coord. de M.T. Casparri. 
264 4 |a Buenos Aires, Argentina :  |b Macchi,  |c 2001, c2001 
300 |a XVIII, 620 p. 
336 |a texto  |b txt  |2 rdacontenido 
337 |a sin mediación  |b n  |2 rdamedio 
338 |a volumen  |b nc  |2 rdasoporte 
440 1 |a (Matemática) 
440 1 |a (Ciencias Económicas) 
520 |a Contenido: Números reales; Funciones; Límite y continuidad; Derivada y diferencial; Optimización de funciones; Teoremas sobre funciones diferenciables; Sucesiones y series numéricas; Aproximación de funciones; La integral definida; Integral definida y generalizada. 
649 |a XX 
650 |a Análisis Matemático 
650 |a Números Reales 
650 |a Aproximación (Matemáticas) 
650 |a Optimización Matemática 
650 |a Cálculo 
650 |a Continuidad (Matemáticas) 
650 |a Sucesiones (Matemáticas) 
650 |a Series (Matemáticas) 
650 |a Cálculo Integral 
650 |a Cálculo Diferencial 
650 |a Cálculo 
650 |a Funciones (Matemáticas) 
650 |a Análisis Numérico 
650 |a Matemáticas Financieras 
650 |a Economía 
650 |a Matemáticas 
910 |a Fondo General 
920 |a Impresos - Libros 
930 |a Colección General 
905 |a 101 
901 |a 0500071648  |b IT1  |c ACC  |u 20250521 
902 |a https://opac.biblio.iteso.mx/vufind/Record/000142931